| 000 | 01036nam a22003257a 4500 | ||
|---|---|---|---|
| 003 | CHAP | ||
| 005 | 20220329141818.0 | ||
| 008 | 971013s1964 r 00010 d | ||
| 010 | _a74236 | ||
| 011 | _a75208 | ||
| 035 | _a84768 | ||
| 040 | _cCHAP | ||
| 082 |
_a332.4 _bH37Y |
||
| 100 | 0 | 0 |
_aHart, Albert Gailord. _952922 |
| 245 | _aDeudad monetarias y actividad económica | ||
| 260 |
_aMéxico D. F. : _bEd. Continental, _c1964 |
||
| 300 |
_a628 p. _b: ilus. |
||
| 590 |
_aBATCH-UPD _b10 _c20130110 _lUCH01 _h0548 |
||
| 590 |
_aBATCH-UPD _b10 _c20130410 _lUCH01 _h0229 |
||
| 590 |
_aBATCH-UPD _b10 _c20130914 _lUCH01 _h0533 |
||
| 590 |
_aCONVERSION _b10 _c20130109 _lUCH01 _h1341 |
||
| 650 | 1 | 4 |
_aBancos y operaciones bancarias. _99913 |
| 650 | 1 | 4 |
_aCiclos económicos. _923078 |
| 650 | 1 | 4 |
_aDinero. _932616 |
| 700 | 0 |
_aKenen, Peter B. _963022 |
|
| 901 | _aBK | ||
| 942 | _cLIBRO | ||
| 949 |
_a332.4 H37Y _bBC _cLIBRO _d33724000336251 _eLIBRO _fc.2 _h2939 _i84768 _si |
||
| 949 |
_a332.4 H37Y _bBC _cLIBRO _d33724000336269 _eLIBRO _i84768 _mD _si |
||
| 999 |
_c74236 _d74236 |
||